000 00298nam a22001337a 4500
008 171031b xxu||||| |||| 00| 0 eng d
020 _a9780324539868
041 _aeng
080 _26 ED
_a33
100 _a58
101 _aBUS
245 _aTHE FUTURE OF BUSINESS
_cGTIMAN.M
942 _2udc
_cBK
999 _c36692
_d36692